000 00705nam a2200217 i 4500
001 126809
003 ES-MaACL
005 20250918063034.0
007 t|
008 070214s1961 sp r ||||1| spa d
100 1 _aRibadeneira, Pedro de,
_d1527-1611
_9147986
245 1 0 _aVida de San Ignacio de Loyola /
_cPedro de Ribadeneyra ; edición revisada y anotada por Ignacio de Beryes.
260 _aBarcelona :
_bIberia,
_c1961.
300 _a367 p. ;
_c19 cm.
490 1 _aObras maestras
600 0 4 _aIgnacio de Loyola
_c, Santo.
_965147
700 1 _aBeryes, Ignacio de.
_928551
830 0 _aObras maestras
_9181001
852 _aES-MaACL
_jF-11227
_bR.48006
999 _c126809
_d126809